01406nam a22001697a 4500008004100000020001800041050001400059100002000073245009700093250001300190260004200203300004600245500001900291505088100310650002501191700002001216121122t xxu||||| |||| 00| 0 eng d a10:0495385263 aGE105.M58 aMiller G. Tyler aEnvironmental science problems, concepts and solutions. /cG.Tyler Miller and Scott Spoolman a12th ed. aAustralia:bCengage learning,cc2008. axxi, 430 p+various pagings,bill.;c27cm. aIncludes index aContents: Humans and sustainability: an overview: Environmental problems, their causes, and sustainability -- Ecology and sustainability: Science, matter, and energy -- Ecosystems: what are they and how do they work? -- Evolution and biodiversity -- Climate and biodiversity -- Community and population ecology -- Applying population ecology: human population and urbanization -- Sustaining biodiversity: Sustaining biodiversity: the ecosystem approach -- Sustaining biodiversity: the species approach -- Sustaining resources and environmental quality: Food, soil, and pest management -- Water and water pollution -- Geology and nonrenewable mineral resources -- Energy -- Environmental hazards and human health -- Air pollution, climate change, and ozone depletion -- Solid and hazardous waste -- Sustaining human societies: Environmental economics, politics, and worldviews. bEnviromental Science aSpoolman, Scott